| 000 | 00742nam a22002057a 4500 | ||
|---|---|---|---|
| 999 |
_c3887 _d3887 |
||
| 003 | AR-CdUCM | ||
| 008 | 190307b ||||| |||| 00| 0 spa d | ||
| 040 |
_aMUNICIPALIDAD PROVINCIAL DEL CUSCO _cBIBLIOTECA MUNICIPAL DEL CUSCO |
||
| 082 |
_23ed. _a895.1 / _bL98 |
||
| 100 |
_aLu, Sin _91532 |
||
| 245 | _aNovelas escogidas de Lu Sin / | ||
| 260 |
_aPekín : _bEdiciones en Lenguas Extranjeras, _c1972. |
||
| 300 |
_a325 paginas ; _bIlustraciones, _c21 cm. |
||
| 505 | _aContenido :El diario de un loco -- El teatro de los dioses -- La familia feliz -- El divorcio -- La espada azul ... | ||
| 650 |
_aNovelas chinas _91534 |
||
| 650 |
_aLiteratura siglo XX _91173 |
||
| 650 |
_aLiteratura china _97278 |
||
| 942 |
_2ddc _cLIBROS |
||
| 945 | _arum | ||